000
00262nam a2200109Ia 4500
008
200302s9999 xx 000 0 und d
100
_a
Don Vandervort & Other
245
_a
Children's Play Areas
260
_b
Sunset Books Inc.
260
_c
1998
300
_a
128 P.,
999
_c
1738
_d
1738